[Event "TCh-HUN 2017-18"]
[Site "Hungary HUN"]
[Date "2018.05.05"]
[Round "8.11"]
[White "Karacsonyi, Gellert"]
[Black "Aczel, Gergely"]
[Result "1-0"]
[BlackTitle "IM"]
[WhiteElo "2209"]
[BlackElo "2573"]
[WhiteTeam "Penzugyor SE"]
[BlackTeam "Aquaprofit-NTSK I"]
[WhiteFideId "764620"]
[BlackFideId "727709"]
[EventDate "2017.11.25"]

1. e4 g6 2. d4 Bg7 3. Nc3 a6 4. Nf3 b5 5. a4 b4 6. Na2 Bb7 7. Bd3 a5 8. O-O d6
9. c3 bxc3 10. bxc3 Nd7 11. Ng5 e6 12. f4 Bf6 13. Rb1 Nb6 14. e5 Bxg5 15. fxg5
dxe5 16. Bb5+ Kf8 17. Ba3+ Kg7 18. Qe2 Qxg5 19. Bc1 Qe7 20. Qxe5+ f6 21. Qg3 Be4
22. Rb2 Rf8 23. Re2 Bd5 24. c4 Nxc4 25. Bxc4 Bxc4 26. Rc2 Bxf1 27. Rxc7 Qxc7 28.
Qxc7+ Rf7 29. Qxa5 Bc4 30. Nc3 Ne7 31. Ne4 Nf5 32. g4 Nxd4 33. Bb2 e5 34. Nd6
Be6 35. Nxf7 Bxf7 36. Bxd4 exd4 37. Qb6 Rc8 38. Qxd4 Rc4 39. Qd7 Rc1+ 40. Kf2
Ra1 41. h4 h6 42. Ke3 Re1+ 43. Kd2 Re5 44. Kc3 h5 45. g5 Rd5 46. gxf6+ Kxf6 47.
Qc7 Rf5 48. a5 Bd5 49. a6 Bf3 50. a7 Bh1 51. Kd4 Rd5+ 52. Ke3 Re5+ 53. Kf4 Rf5+
54. Kg3 Bd5 55. Qd8+ Kf7 56. Qxd5+ Rxd5 57. a8=Q Rf5 58. Qh8 Rf1 59. Qh7+ Kf8
60. Kg2 Rf6 61. Kh2 Rf2+ 62. Kg3 Rf1 63. Kh2 Rf2+ 64. Kg1 Rf7 65. Qh8+ Ke7 66.
Qg8 Kf6 67. Kf2 Re7 68. Kf3 Re6 69. Kf4 Rd6 70. Qf8+ Ke6 71. Qe8+ Kd5 72. Qe4+
Kc5 73. Ke5 Rb6 74. Qc2+ Kb4 75. Qb2+ Kc5 76. Qc3+ Kb5 77. Kd5 Ka6 78. Qc8+ Ka7
79. Kc5 Rb7 80. Kc6 Rb6+ 81. Kc5 Rb7 82. Qd8 Rb1 83. Qd7+ Rb7 84. Qa4+ Kb8 85.
Qe8+ Ka7 86. Qxg6 1-0

[Event "TCh-HUN 2017-18"]
[Site "Hungary HUN"]
[Date "2018.05.05"]
[Round "8.1"]
[White "Nenezic, Marko"]
[Black "Kuzubov, Yuriy"]
[Result "1-0"]
[WhiteTitle "IM"]
[BlackTitle "GM"]
[WhiteElo "2497"]
[BlackElo "2690"]
[WhiteTeam "Aquarena Kobanya SC"]
[BlackTeam "DVTK"]
[WhiteFideId "912123"]
[BlackFideId "14112906"]
[EventDate "2017.11.25"]

1. Nf3 d5 2. g3 Bg4 3. Bg2 Nd7 4. O-O e6 5. h3 Bh5 6. b3 Be7 7. Bb2 Ngf6 8. d3
O-O 9. Nbd2 h6 10. e4 a5 11. a4 c6 12. Qe2 Qb6 13. Kh1 Nh7 14. Rad1 Qa6 15. exd5
cxd5 16. g4 Bg6 17. Nd4 Bf6 18. f4 Rfe8 19. Qf2 Rac8 20. N2f3 Nhf8 21. Nh4 Kh8
22. Ba1 Qb6 23. Nhf3 Qd6 24. Qg3 Bh7 25. Ne5 Kg8 26. c4 dxc4 27. dxc4 Nxe5 28.
Nb5 Qb4 29. fxe5 Be7 30. Nd6 Bxd6 31. exd6 Nd7 32. Qf3 f6 33. Qxb7 Red8 34. Qf3
Nc5 35. Bc3 Qb6 36. Qe3 e5 37. Qe1 Nxb3 38. Rd5 Rc5 39. Qd1 Kh8 40. d7 Qc7 41.
Qxb3 1-0

[Event "TCh-HUN 2017-18"]
[Site "Hungary HUN"]
[Date "2018.05.05"]
[Round "8.2"]
[White "Kravtsiv, Martyn"]
[Black "Roganovic, Milos"]
[Result "1-0"]
[WhiteTitle "GM"]
[BlackTitle "GM"]
[WhiteElo "2677"]
[BlackElo "2512"]
[WhiteTeam "DVTK"]
[BlackTeam "Aquarena Kobanya SC"]
[WhiteFideId "14113147"]
[BlackFideId "937614"]
[EventDate "2017.11.25"]

1. e4 c5 2. Nf3 Nc6 3. d4 cxd4 4. Nxd4 e5 5. Nb5 a6 6. Nd6+ Bxd6 7. Qxd6 Qe7 8.
Qd1 Nf6 9. Nc3 d6 10. Bg5 Be6 11. Qd2 h6 12. Be3 Qc7 13. f4 exf4 14. Bxf4 Rd8
15. O-O-O Qa5 16. Bxd6 Bxa2 17. e5 Ng4 18. b3 Nf2 19. Qxf2 Qxc3 20. Bc4 f6 21.
Qf5 Nd4 22. Qg6+ Kd7 23. Qf7+ 1-0

[Event "TCh-HUN 2017-18"]
[Site "Hungary HUN"]
[Date "2018.05.05"]
[Round "8.3"]
[White "Nagy, Gabor1"]
[Black "Hera, Imre Jr."]
[Result "1/2-1/2"]
[WhiteTitle "IM"]
[BlackTitle "GM"]
[WhiteElo "2472"]
[BlackElo "2616"]
[WhiteTeam "Aquarena Kobanya SC"]
[BlackTeam "DVTK"]
[WhiteFideId "737119"]
[BlackFideId "716855"]
[EventDate "2017.11.25"]

1. Nf3 Nf6 2. c4 d6 3. d4 Nbd7 4. Nc3 g6 5. e4 e5 6. Be2 Bg7 7. O-O O-O 8. Qc2
Re8 9. Rd1 c6 10. Rb1 Qe7 11. d5 c5 12. a3 Rf8 13. Ne1 Ne8 14. Nd3 f5 15. b4 1/2-1/2

[Event "TCh-HUN 2017-18"]
[Site "Hungary HUN"]
[Date "2018.05.05"]
[Round "8.4"]
[White "Szabo, Gergely-Andras-Gyula"]
[Black "Izsak, Gyula"]
[Result "1/2-1/2"]
[WhiteTitle "GM"]
[BlackTitle "IM"]
[WhiteElo "2548"]
[BlackElo "2437"]
[WhiteTeam "DVTK"]
[BlackTeam "Aquarena Kobanya SC"]
[WhiteFideId "1205064"]
[BlackFideId "702234"]
[EventDate "2017.11.25"]

1. e4 c5 2. Nf3 e6 3. d4 cxd4 4. Nxd4 a6 5. c4 Nf6 6. Nc3 Qc7 7. a3 Be7 8. Be3
d6 9. Be2 O-O 10. O-O b6 11. Qd2 Bb7 12. f3 Nbd7 13. Rfc1 Rac8 14. a4 Nc5 15. b4
e5 16. Ndb5 Ncxe4 17. Nxc7 Nxd2 18. Bxd2 Rxc7 19. Be3 Nd7 20. Nd5 Bxd5 21. cxd5
Rxc1+ 22. Rxc1 Nf6 23. Bxa6 Nxd5 24. Bd2 Rb8 25. a5 bxa5 26. bxa5 Nf4 27. Bxf4 1/2-1/2

[Event "TCh-HUN 2017-18"]
[Site "Hungary HUN"]
[Date "2018.05.05"]
[Round "8.5"]
[White "Szabo, Bence"]
[Black "Antal, Gergely"]
[Result "1/2-1/2"]
[WhiteTitle "IM"]
[BlackTitle "GM"]
[WhiteElo "2369"]
[BlackElo "2525"]
[WhiteTeam "Aquarena Kobanya SC"]
[BlackTeam "DVTK"]
[WhiteFideId "733776"]
[BlackFideId "717312"]
[EventDate "2017.11.25"]

1. c4 c5 2. Nf3 Nf6 3. Nc3 d5 4. cxd5 Nxd5 5. d4 Nxc3 6. bxc3 g6 7. e3 Bg7 8.
Bd3 O-O 9. O-O Nc6 10. Ba3 cxd4 11. cxd4 Be6 12. Ng5 Bd7 13. Ne4 Bf5 14. Rb1 b6
15. Ng3 Bxd3 16. Qxd3 Qd7 17. Ne2 Rfd8 18. Rbc1 Rac8 19. Rfd1 e6 20. Qb5 Rc7 21.
Ng3 Na5 22. Qxd7 Rdxd7 23. Rxc7 Rxc7 24. Rc1 Rxc1+ 25. Bxc1 f5 26. Kf1 Kf7 27.
Ke2 Nc6 28. Kd3 b5 29. Bd2 e5 30. Ne2 exd4 31. exd4 a6 32. Bc3 Ne7 33. d5 Nxd5
34. Bxg7 Kxg7 35. Kd4 Nb4 36. Nc1 Nc2+ 37. Kc5 Kf6 38. Kb6 Ke5 39. Kxa6 b4 40.
Kb5 Kd4 41. Ne2+ 1/2-1/2

[Event "TCh-HUN 2017-18"]
[Site "Hungary HUN"]
[Date "2018.05.05"]
[Round "8.6"]
[White "Korpa, Bence"]
[Black "Toth, Ervin"]
[Result "1/2-1/2"]
[WhiteTitle "GM"]
[BlackTitle "IM"]
[WhiteElo "2483"]
[BlackElo "2449"]
[WhiteTeam "DVTK"]
[BlackTeam "Aquarena Kobanya SC"]
[WhiteFideId "706671"]
[BlackFideId "726559"]
[EventDate "2017.11.25"]

1. Nf3 Nf6 2. g3 g6 3. b3 Bg7 4. Bb2 O-O 5. Bg2 d6 6. d4 Nbd7 7. O-O c6 8. Nbd2
d5 9. c4 b6 10. Qc2 Bb7 11. e4 dxe4 12. Nxe4 Nxe4 13. Qxe4 Re8 14. Rad1 Qc7 15.
Qc2 Rad8 16. Rfe1 Qb8 17. h4 Nf6 18. Ne5 Qa8 19. Bf3 Nd7 20. h5 Nxe5 21. dxe5 c5
22. Bxb7 Qxb7 23. e6 Bxb2 24. exf7+ Kxf7 25. Qxb2 Qf3 26. h6 Qf6 27. Qa3 a5 28.
Qa4 g5 29. Rd7 Qxh6 30. Red1 Rxd7 31. Qxd7 Qe6 32. Qd2 Qf6 33. Qe3 Qf5 34. Rd5
e5 35. Qd2 Kg6 36. Qe2 h5 37. Rd6+ Re6 38. Rd8 e4 39. Qd2 e3 40. fxe3 Qb1+ 41.
Kh2 Qf5 42. Rg8+ Kh6 43. Rh8+ Kg6 44. Rg8+ Kh6 45. Rh8+ 1/2-1/2

[Event "TCh-HUN 2017-18"]
[Site "Hungary HUN"]
[Date "2018.05.05"]
[Round "8.7"]
[White "Konnyu, Janos"]
[Black "Kozak, Adam"]
[Result "0-1"]
[WhiteTitle "IM"]
[BlackTitle "IM"]
[WhiteElo "2366"]
[BlackElo "2422"]
[WhiteTeam "Aquarena Kobanya SC"]
[BlackTeam "DVTK"]
[WhiteFideId "721280"]
[BlackFideId "753246"]
[EventDate "2017.11.25"]

1. e4 e5 2. Nf3 Nc6 3. d4 exd4 4. Nxd4 Nf6 5. Nxc6 bxc6 6. Qe2 d6 7. Nc3 Be7 8.
Bd2 O-O 9. O-O-O Re8 10. h3 Nd7 11. g4 Bf6 12. f4 Bb7 13. Bg2 Rb8 14. g5 Bd4 15.
h4 c5 16. Qd3 Qc8 17. g6 fxg6 18. h5 gxh5 19. Rxh5 Nf6 20. Rh2 Bxe4 21. Bxe4
Rxe4 22. Rdh1 Qe6 23. Rxh7 Nxh7 24. Nxe4 Bxb2+ 25. Kd1 Qg4+ 26. Ke1 Re8 27. Kf1
Bd4 28. c3 Nf6 29. Qc4+ Re6 30. Nxf6+ Bxf6 31. Qd5 c6 32. Qh5 Qxh5 33. Rxh5 Re4 0-1

[Event "TCh-HUN 2017-18"]
[Site "Hungary HUN"]
[Date "2018.05.05"]
[Round "8.8"]
[White "Berczes, David"]
[Black "Krizsany, Laszlo"]
[Result "1-0"]
[WhiteTitle "GM"]
[BlackTitle "IM"]
[WhiteElo "2493"]
[BlackElo "2424"]
[WhiteTeam "DVTK"]
[BlackTeam "Aquarena Kobanya SC"]
[WhiteFideId "722960"]
[BlackFideId "701718"]
[EventDate "2017.11.25"]

1. d4 c5 2. d5 e5 3. e4 d6 4. Bb5+ Bd7 5. a4 Ne7 6. Nf3 Ng6 7. Nbd2 Be7 8. Nc4
O-O 9. Ne3 Bc8 10. h4 Nd7 11. h5 Nh8 12. Nf5 Nf6 13. Nxe7+ Qxe7 14. h6 Nxe4 15.
hxg7 Kxg7 16. Bd3 Nf6 17. Bh6+ Kg8 18. Bxf8 Qxf8 19. Nd2 Ng6 20. g3 Bd7 21. Ne4
Nxe4 22. Bxe4 f5 23. Qh5 Qf7 24. Bd3 a6 25. a5 Re8 26. O-O-O Re7 27. Qg5 Qf8 28.
Rh5 e4 29. Be2 Rg7 30. Qe3 Qd8 31. g4 fxg4 32. Rdh1 Qxa5 33. Kb1 Qd8 34. Qxe4
Qf6 35. Bxg4 Re7 36. Be6+ Bxe6 37. dxe6 Nf8 38. Rg1+ Ng6 39. f4 Rxe6 40. Qxb7
Re7 41. Qa8+ Kg7 42. f5 1-0

[Event "TCh-HUN 2017-18"]
[Site "Hungary HUN"]
[Date "2018.05.05"]
[Round "8.9"]
[White "Turzo, Attila"]
[Black "Torma, Robert"]
[Result "1/2-1/2"]
[WhiteTitle "IM"]
[BlackTitle "IM"]
[WhiteElo "2283"]
[BlackElo "2484"]
[WhiteTeam "Aquarena Kobanya SC"]
[BlackTeam "DVTK"]
[WhiteFideId "704954"]
[BlackFideId "719030"]
[EventDate "2017.11.25"]

1. d4 Nf6 2. Bf4 d5 3. e3 c5 4. c3 Nc6 5. Nd2 g6 6. h3 Bg7 7. Ngf3 O-O 8. dxc5
a5 9. a4 Be6 10. Bb5 Nd7 11. Nd4 Nxc5 12. Nxe6 Nxe6 13. Bh2 Qb6 14. Qb3 Rfd8 15.
Be2 Qa7 16. O-O Rac8 17. Rfd1 Nc5 18. Qb5 e6 19. Nb3 Ne4 20. Nd2 Nc5 21. Nb3 Ne4
22. Nd2 Nc5 1/2-1/2

[Event "TCh-HUN 2017-18"]
[Site "Hungary HUN"]
[Date "2018.05.05"]
[Round "8.10"]
[White "Nayhebaver, Martin"]
[Black "Horvath, David"]
[Result "1-0"]
[WhiteTitle "IM"]
[BlackTitle "IM"]
[WhiteElo "2447"]
[BlackElo "2377"]
[WhiteTeam "DVTK"]
[BlackTeam "Aquarena Kobanya SC"]
[WhiteFideId "14923432"]
[BlackFideId "704890"]
[EventDate "2017.11.25"]

1. e4 e6 2. d4 d5 3. Nd2 c5 4. exd5 exd5 5. Ngf3 Nf6 6. Bb5+ Bd7 7. Bxd7+ Nbxd7
8. O-O Be7 9. dxc5 Nxc5 10. Nd4 Qd7 11. N2b3 Nce4 12. Qf3 O-O 13. Nf5 Bd8 14.
Be3 Rc8 15. c3 a5 16. Nbd4 a4 17. a3 Re8 18. Rad1 Re5 19. Qh3 Bb6 20. Bf4 Ree8
21. f3 Nxc3 22. bxc3 Rxc3 23. Bg5 Re5 24. Bxf6 Rxf5 25. Qg4 g6 26. Kh1 h5 27.
Qh4 Rc4 28. Qh3 Bxd4 29. Bxd4 Qe7 30. f4 Qe4 31. Be5 Rc2 32. Rfe1 Re2 33. Rxe2
Qxe2 34. Qd3 Qxd3 35. Rxd3 f6 36. Bb8 1-0

[Event "TCh-HUN 2017-18"]
[Site "Hungary HUN"]
[Date "2018.05.05"]
[Round "8.11"]
[White "Polyik, Peter"]
[Black "Bagi, Mate"]
[Result "0-1"]
[BlackTitle "IM"]
[WhiteElo "2264"]
[BlackElo "2445"]
[WhiteTeam "Aquarena Kobanya SC"]
[BlackTeam "DVTK"]
[WhiteFideId "758817"]
[BlackFideId "742570"]
[EventDate "2017.11.25"]

1. d4 Nf6 2. c4 g6 3. Nf3 Bg7 4. e3 O-O 5. Be2 c5 6. d5 e6 7. Nc3 exd5 8. cxd5
d6 9. O-O Re8 10. Nd2 Nbd7 11. Re1 a6 12. a4 Rb8 13. h3 h6 14. Qc2 Nh7 15. e4 g5
16. Nc4 Ne5 17. Ne3 Nf6 18. Ra3 Ng6 19. Bf1 g4 20. hxg4 Nxg4 21. Nxg4 Bxg4 22.
Nd1 Bd7 23. a5 f5 24. Rg3 Qf6 25. Bd2 f4 26. Ra3 Ne5 27. f3 Kh8 28. Nf2 Rg8 29.
Nd3 Nxf3+ 30. gxf3 Qh4 31. Bg2 Bd4+ 32. Kf1 Rxg2 0-1

[Event "TCh-HUN 2017-18"]
[Site "Hungary HUN"]
[Date "2018.05.05"]
[Round "8.1"]
[White "Pinter, Jozsef"]
[Black "Rapport, Richard"]
[Result "0-1"]
[WhiteTitle "GM"]
[BlackTitle "GM"]
[WhiteElo "2539"]
[BlackElo "2707"]
[WhiteTeam "HUSI SC"]
[BlackTeam "HVSE-Infraplan"]
[WhiteFideId "700045"]
[BlackFideId "738590"]
[EventDate "2017.11.25"]

1. d4 e6 2. g3 Nf6 3. Bg2 Be7 4. Nf3 b6 5. O-O Bb7 6. c4 O-O 7. Re1 a5 8. Nc3
Ne4 9. Bd2 d6 10. d5 Nxd2 11. Qxd2 e5 12. e4 Bc8 13. h4 Na6 14. b3 Nc5 15. Qe3
g6 16. h5 gxh5 17. Qh6 Bg4 18. Qe3 Kh8 19. Nh2 Bd7 20. Qf3 Bg5 21. Re2 h4 22.
Qh5 Qf6 23. Rf1 hxg3 24. fxg3 Qg6 25. Qf3 f5 26. Ref2 Bh6 27. exf5 Bxf5 0-1

[Event "TCh-HUN 2017-18"]
[Site "Hungary HUN"]
[Date "2018.05.05"]
[Round "8.2"]
[White "Hracek, Zbynek"]
[Black "Havasi, Gergo"]
[Result "1-0"]
[WhiteTitle "GM"]
[BlackTitle "IM"]
[WhiteElo "2613"]
[BlackElo "2377"]
[WhiteTeam "HVSE-Infraplan"]
[BlackTeam "HUSI SC"]
[WhiteFideId "300071"]
[BlackFideId "760293"]
[EventDate "2017.11.25"]

1. e4 e5 2. Nf3 Nc6 3. Bb5 a6 4. Ba4 Nf6 5. O-O Be7 6. d3 b5 7. Bb3 d6 8. a4 b4
9. Nbd2 O-O 10. a5 h6 11. Nc4 Be6 12. Be3 Qc8 13. Qe2 Qb7 14. h3 Rfd8 15. Rfe1
Bf8 16. Nh2 d5 17. exd5 Nxd5 18. Nf3 f6 19. Ncd2 Bf7 20. Nh4 Qc8 21. Qf3 Nce7
22. Bc5 g5 23. Bxd5 Nxd5 24. Bxf8 Rxf8 25. Nf5 Be6 26. Nxh6+ Kh7 27. Ng4 Nf4 28.
Ne4 Kg6 29. Qg3 Bxg4 30. Qxg4 Qxg4 31. hxg4 Rh8 32. g3 Ne6 33. c3 bxc3 34. bxc3
Rhd8 35. Re3 Rd5 36. Ra4 Nc5 37. c4 Nxa4 38. cxd5 Rf8 39. Re2 Rb8 40. Rc2 Rb5
41. Rxc7 Rxd5 42. Rc6 Rxa5 43. Rxf6+ Kg7 44. Rf5 Nb2 45. Rxg5+ Kf7 46. Rf5+ Kg7
47. Rf6 Nxd3 48. g5 Ra1+ 49. Kg2 a5 50. Rd6 Nb4 51. f4 exf4 52. gxf4 Nc2 53. Ng3
Ne3+ 54. Kf3 Nc4 55. Nf5+ Kf8 56. Rd4 Nb2 57. g6 Rd1 58. Re4 Rg1 59. Re6 a4 60.
Rb6 1-0

[Event "TCh-HUN 2017-18"]
[Site "Hungary HUN"]
[Date "2018.05.05"]
[Round "8.3"]
[White "Savic, Miodrag R"]
[Black "Ruck, Robert"]
[Result "1-0"]
[WhiteTitle "GM"]
[BlackTitle "GM"]
[WhiteElo "2511"]
[BlackElo "2531"]
[WhiteTeam "HUSI SC"]
[BlackTeam "HVSE-Infraplan"]
[WhiteFideId "920479"]
[BlackFideId "705713"]
[EventDate "2017.11.25"]

1. e4 c6 2. d4 d5 3. e5 Bf5 4. Nf3 e6 5. Be2 Ne7 6. O-O Nd7 7. b3 h6 8. c4 Ng6
9. Be3 Bb4 10. a3 Ba5 11. cxd5 cxd5 12. b4 Bb6 13. Nc3 O-O 14. Bd3 Ne7 15. Re1
Bc7 16. Ne2 Nb6 17. Ng3 Nc4 18. Nxf5 Nxf5 19. Bxf5 exf5 20. Qd3 Qd7 21. Nh4 Nxe3
22. Rxe3 g6 23. g3 Rac8 24. Rae1 Rfe8 25. e6 Rxe6 26. Rxe6 fxe6 27. Nxg6 Kf7 28.
Nh4 Bd8 29. Ng2 Bc7 30. Qf3 Bd6 31. Nh4 Kg7 32. Qe3 a5 33. Qxe6 Qxe6 34. Rxe6
axb4 35. axb4 Bxb4 36. Nxf5+ Kf7 37. Rb6 Rc4 38. Nxh6+ Ke7 39. Nf5+ Kd7 40.
Rxb7+ Ke6 41. g4 1-0

[Event "TCh-HUN 2017-18"]
[Site "Hungary HUN"]
[Date "2018.05.05"]
[Round "8.4"]
[White "Babula, Vlastimil"]
[Black "Lajthajm, Borko"]
[Result "1/2-1/2"]
[WhiteTitle "GM"]
[BlackTitle "GM"]
[WhiteElo "2548"]
[BlackElo "2465"]
[WhiteTeam "HVSE-Infraplan"]
[BlackTeam "HUSI SC"]
[WhiteFideId "301264"]
[BlackFideId "916358"]
[EventDate "2017.11.25"]

1. d4 Nf6 2. c4 e6 3. Nf3 b6 4. g3 Bb4+ 5. Bd2 a5 6. Bg2 Bb7 7. O-O Bxd2 8. Qxd2
O-O 9. Qc2 Be4 10. Qc1 d5 11. Nc3 Bxf3 12. Bxf3 c6 13. cxd5 exd5 14. Qf4 Ra7 15.
Rac1 Re8 16. a3 Rae7 17. Rc2 h6 18. Rfc1 Re6 19. Bg2 Qd6 20. Qxd6 Rxd6 21. Na4
Nfd7 22. e3 b5 23. Nc5 Nxc5 24. Rxc5 a4 25. h4 1/2-1/2

[Event "TCh-HUN 2017-18"]
[Site "Hungary HUN"]
[Date "2018.05.05"]
[Round "8.5"]
[White "Drazic, Sinisa"]
[Black "Jankovic, Alojzije"]
[Result "0-1"]
[WhiteTitle "GM"]
[BlackTitle "GM"]
[WhiteElo "2453"]
[BlackElo "2581"]
[WhiteTeam "HUSI SC"]
[BlackTeam "HVSE-Infraplan"]
[WhiteFideId "901172"]
[BlackFideId "14505959"]
[EventDate "2017.11.25"]

1. d4 Nf6 2. c4 g6 3. Nc3 Bg7 4. e4 d6 5. Bd3 O-O 6. Nge2 c6 7. f3 a6 8. a4 a5
9. Be3 Na6 10. Rc1 e5 11. Qd2 Nd7 12. O-O exd4 13. Nxd4 Ndc5 14. Rcd1 Nxd3 15.
Qxd3 Nc5 16. Qc2 Qb6 17. Nce2 Re8 18. Bf2 Qb4 19. b3 Bd7 20. Nc1 Rac8 21. Qb1 d5
22. Nc2 Qb6 23. Nd3 Bf8 24. b4 axb4 25. Ncxb4 Qa5 26. cxd5 Nxd3 27. Nxd3 cxd5
28. Nf4 Bxa4 29. Nxd5 Bg7 30. Rc1 Rxc1 31. Rxc1 Bc6 32. Rd1 f5 33. Bb6 Qb5 34.
Qxb5 Bxb5 35. Nc7 Ba4 36. Rd5 Rf8 37. e5 Bc6 38. Ra5 Rc8 39. Kf2 Bf8 40. Nd5 Kf7
41. Ke3 Bxd5 42. Rxd5 Ke6 43. Rb5 Rc2 44. g3 Rxh2 45. Bd4 h5 46. Rxb7 h4 47.
Rb6+ Kd5 48. gxh4 Rxh4 49. Rxg6 Rxd4 50. Rf6 f4+ 51. Kf2 Bg7 52. Ra6 Bxe5 53.
Kg2 Rd1 54. Ra5+ Ke6 55. Ra6+ Kf5 56. Ra5 Ra1 57. Rb5 Ke6 58. Rb6+ Bd6 59. Rb5
Rc1 60. Ra5 Bc5 61. Kh3 Be3 62. Ra6+ Ke5 63. Ra5+ Kd4 64. Kg4 Rg1+ 65. Kf5 Rg3
66. Ra4+ Kd3 67. Ra3+ Ke2 68. Ke4 Rg8 69. Ra2+ Bd2 70. Rb2 Rd8 71. Ra2 Kf2 72.
Rb2 Kg3 73. Rb7 Re8+ 74. Kd3 Be3 75. Ke2 Bf2+ 76. Kf1 Re1# 0-1

[Event "TCh-HUN 2017-18"]
[Site "Hungary HUN"]
[Date "2018.05.05"]
[Round "8.6"]
[White "Nemeth, Miklos1"]
[Black "Borocz, Istvan1"]
[Result "1/2-1/2"]
[WhiteTitle "IM"]
[BlackTitle "IM"]
[WhiteElo "2494"]
[BlackElo "2362"]
[WhiteTeam "HVSE-Infraplan"]
[BlackTeam "HUSI SC"]
[WhiteFideId "720232"]
[BlackFideId "703036"]
[EventDate "2017.11.25"]

1. e4 e6 2. d4 d5 3. Nd2 c5 4. exd5 exd5 5. Ngf3 Nf6 6. Bb5+ Bd7 7. Bxd7+ Nbxd7
8. O-O Be7 9. b3 O-O 10. Bb2 Rc8 11. c4 dxc4 12. Nxc4 b5 13. Ne3 c4 14. bxc4
bxc4 15. Rc1 Qa5 16. Nxc4 Qxa2 17. Nfd2 Qa6 18. Ra1 Qb7 19. Qa4 Rc7 20. Ba3 Bxa3
21. Rxa3 Nb6 22. Nxb6 Qxb6 23. h3 Rfc8 24. Nf3 h6 25. Re1 Qd6 26. Rae3 Rb8 27.
Qa2 Rbc8 28. Qa4 1/2-1/2

[Event "TCh-HUN 2017-18"]
[Site "Hungary HUN"]
[Date "2018.05.05"]
[Round "8.7"]
[White "Dory, Jeno"]
[Black "Polak, Tomas"]
[Result "1/2-1/2"]
[WhiteTitle "IM"]
[BlackTitle "GM"]
[WhiteElo "2228"]
[BlackElo "2516"]
[WhiteTeam "HUSI SC"]
[BlackTeam "HVSE-Infraplan"]
[WhiteFideId "700860"]
[BlackFideId "300560"]
[EventDate "2017.11.25"]

1. e4 e5 2. Nf3 Nc6 3. Bb5 Nge7 4. d4 exd4 5. Nxd4 g6 6. Nc3 Bg7 7. Be3 O-O 8.
O-O d5 9. exd5 Nb4 10. Qd2 Nbxd5 11. Nxd5 Qxd5 12. c4 Qd6 13. Rad1 a6 14. Ba4 b5
15. cxb5 axb5 16. Bb3 Bb7 17. f3 Rad8 18. Qe2 Qe5 19. Rfe1 Nd5 20. Bf2 Qxe2 21.
Rxe2 Nf4 22. Red2 Bh6 23. Rc2 Rd7 24. Kf1 Re8 25. Rdc1 Nd5 26. Bxd5 Rxd5 27. Re1
Rxe1+ 28. Kxe1 Bf4 29. Ne2 Bd6 30. Bg3 Bb4+ 31. Nc3 Rc5 32. a3 Bxc3+ 33. Rxc3
Rxc3 1/2-1/2

[Event "TCh-HUN 2017-18"]
[Site "Hungary HUN"]
[Date "2018.05.05"]
[Round "8.8"]
[White "Kovacs, Gabor2"]
[Black "Kosanovic, Goran A"]
[Result "0-1"]
[WhiteTitle "IM"]
[BlackTitle "GM"]
[WhiteElo "2463"]
[BlackElo "2368"]
[WhiteTeam "HVSE-Infraplan"]
[BlackTeam "HUSI SC"]
[WhiteFideId "716219"]
[BlackFideId "901466"]
[EventDate "2017.11.25"]

1. c4 e6 2. Nc3 d5 3. d4 c6 4. e3 Nf6 5. Nf3 Nbd7 6. Qc2 Bd6 7. b3 O-O 8. Be2
dxc4 9. bxc4 e5 10. O-O Qe7 11. Rd1 Re8 12. Bb2 e4 13. Nd2 Nf8 14. Nf1 Ng6 15.
Ng3 h5 16. c5 Bc7 17. d5 Qxc5 18. Qb3 h4 19. Nf1 Nxd5 20. Nxd5 cxd5 21. Rxd5 Qe7
22. Ba3 Qf6 23. Rc1 Be5 24. Rd2 b6 25. Bb5 Be6 26. Qa4 Red8 27. Bc6 Rac8 28.
Rxd8+ Rxd8 29. Qxe4 Bb2 30. Bxb2 Qxb2 31. Re1 Qxa2 32. Qb4 Qc4 33. Qxc4 Bxc4 34.
Ra1 a5 35. f4 b5 36. Kf2 a4 37. Ke1 Ne7 38. Be4 f5 39. Bc2 Bxf1 40. Kxf1 Rd2 41.
Bd1 Nd5 0-1

[Event "TCh-HUN 2017-18"]
[Site "Hungary HUN"]
[Date "2018.05.05"]
[Round "8.9"]
[White "Fendrik, Lajos"]
[Black "Petenyi, Tamas"]
[Result "0-1"]
[BlackTitle "IM"]
[WhiteElo "2202"]
[BlackElo "2454"]
[WhiteTeam "HUSI SC"]
[BlackTeam "HVSE-Infraplan"]
[WhiteFideId "735701"]
[BlackFideId "14909090"]
[EventDate "2017.11.25"]

1. Nf3 g6 2. e4 Bg7 3. d4 d6 4. Bc4 Nf6 5. Qe2 O-O 6. Nbd2 c6 7. O-O Qc7 8. Rd1
e5 9. dxe5 dxe5 10. b3 b5 11. Bd3 Nbd7 12. a4 b4 13. Nc4 Nh5 14. Qe1 Rb8 15. Bf1
Nc5 16. Bb2 f5 17. exf5 e4 18. Bxg7 Qxg7 19. Nfe5 gxf5 20. Qe3 Ne6 21. Nxc6 Rb7
22. Kh1 Rc7 23. Nd4 Ng5 24. Qe2 Qh6 25. Nb5 Rg7 26. Rd6 Nf6 27. Rad1 f4 28. Ne5
Nf3 29. Nxf3 exf3 30. Qc4+ Kh8 31. Rd8 Rgg8 32. Rxf8 Qxf8 33. Qxf4 fxg2+ 34.
Bxg2 Qg7 35. Qg3 Qe7 36. Qc7 Qe2 37. Rf1 Bh3 38. Bxh3 Qf3+ 0-1

[Event "TCh-HUN 2017-18"]
[Site "Hungary HUN"]
[Date "2018.05.05"]
[Round "8.12"]
[White "Borhy, Marcell"]
[Black "Reskone dr., Timko Melinda"]
[Result "1-0"]
[WhiteElo "2131"]
[BlackElo "2028"]
[WhiteTeam "HVSE-Infraplan"]
[BlackTeam "HUSI SC"]
[WhiteFideId "770787"]
[BlackFideId "720550"]
[EventDate "2017.11.25"]

1. d4 Nf6 2. c4 c6 3. Nc3 d5 4. cxd5 cxd5 5. Bf4 e6 6. e3 Bd7 7. Qb3 Nc6 8. Qxb7
Bb4 9. Bc7 Qc8 10. Ba6 O-O 11. Rc1 Qe8 12. Ne2 Qe7 13. a3 Ba5 14. Bb5 Rab8 15.
Bxb8 Rxb8 16. Bxc6 Rxb7 17. Bxb7 Bb5 18. b4 Bxb4 19. axb4 Bxe2 20. Nxd5 Qxb7 21.
Rc8+ Qxc8 22. Ne7+ Kf8 23. Nxc8 Ba6 24. Nxa7 Ke7 25. b5 Bb7 26. O-O Nd7 27. Rc1
Kd6 28. Nc8+ Kd5 29. e4+ Kxd4 30. Rd1+ Ke5 31. Rxd7 Bxc8 32. Rc7 1-0

[Event "TCh-HUN 2017-18"]
[Site "Hungary HUN"]
[Date "2018.05.05"]
[Round "8.2"]
[White "Stevic, Hrvoje"]
[Black "Popovic, Dusan"]
[Result "1/2-1/2"]
[WhiteTitle "GM"]
[BlackTitle "GM"]
[WhiteElo "2601"]
[BlackElo "2525"]
[WhiteTeam "Dunaharaszti MTK"]
[BlackTeam "Duocor-Makoi SVSE"]
[WhiteFideId "14502569"]
[BlackFideId "927031"]
[EventDate "2017.11.25"]

1. e4 c5 2. Nf3 d6 3. d4 cxd4 4. Qxd4 Nf6 5. Nc3 a6 6. e5 Nc6 7. Qa4 Ng4 8. exd6
Qb6 9. Nd5 Qxf2+ 10. Kd1 Rb8 11. dxe7 Bxe7 12. Nxe7 Kxe7 13. Qa3+ Ke8 14. h3 Bf5
15. Bd2 Nf6 16. Bd3 Bxd3 17. cxd3 Qxg2 18. Re1+ Kd7 19. d4 Rhe8 20. Ne5+ Nxe5
21. dxe5 Re6 22. exf6 Rxe1+ 23. Bxe1 Qd5+ 24. Bd2 Qh1+ 25. Be1 Qd5+ 26. Bd2 1/2-1/2